Effect of active resistive exercise versus manual lymphatic drainage in patient with secondary lymphedema / (رقم التسجيلة. 179322)

تفاصيل مارك
000 -LEADER
fixed length control field 04593namaa22004451i 4500
003 - CONTROL NUMBER IDENTIFIER
control field EG-GICUC
005 - أخر تعامل مع التسجيلة
control field 20260422131513.0
008 - FIXED-LENGTH DATA ELEMENTS--GENERAL INFORMATION
fixed length control field 260408s2025 ua a|||frm||| 000 0 eng d
040 ## - CATALOGING SOURCE
Original cataloguing agency EG-GICUC
Language of cataloging eng
Transcribing agency EG-GICUC
Modifying agency EG-GICUC
Description conventions rda
041 0# - LANGUAGE CODE
Language code of text/sound track or separate title eng
Language code of summary or abstract eng
-- ara
049 ## - Acquisition Source
Acquisition Source Deposit
082 04 - DEWEY DECIMAL CLASSIFICATION NUMBER
Classification number 615.82
092 ## - LOCALLY ASSIGNED DEWEY CALL NUMBER (OCLC)
Classification number 615.82
Edition number 21
097 ## - Degree
Degree M.Sc
099 ## - LOCAL FREE-TEXT CALL NUMBER (OCLC)
Local Call Number Cai01.21.10.M.Sc.2025.Ra.E
100 0# - MAIN ENTRY--PERSONAL NAME
Authority record control number or standard number Rawda Sami Ali Mahmoud Soliman,
Preparation preparation.
245 10 - TITLE STATEMENT
Title Effect of active resistive exercise versus manual lymphatic drainage in patient with secondary lymphedema /
Statement of responsibility, etc. by Rawda Sami Ali Mahmoud Soliman ; Supervisors Prof. Dr. Nagwa Mohamed Hamed Badr, Prof. Dr. Rehab Ibrahim Yassen, Dr. Asmaa Mohamed Mohamed Sharabash.
246 15 - VARYING FORM OF TITLE
Title proper/short title دراسة تأثير تمارين المقاومة النشطة مقارنة بتأثير التصريف الليمفاوي اليدوي على التورم الليمفاوي الثانوي
264 #0 - PRODUCTION, PUBLICATION, DISTRIBUTION, MANUFACTURE, AND COPYRIGHT NOTICE
Date of production, publication, distribution, manufacture, or copyright notice 2025.
300 ## - PHYSICAL DESCRIPTION
Extent 106 pages :
Other physical details illustrations ;
Dimensions 25 cm. +
Accompanying material CD.
336 ## - CONTENT TYPE
Content type term text
Source rda content
337 ## - MEDIA TYPE
Media type term Unmediated
Source rdamedia
338 ## - CARRIER TYPE
Carrier type term volume
Source rdacarrier
502 ## - DISSERTATION NOTE
Dissertation note Thesis (M.Sc)-Cairo University, 2025.
504 ## - BIBLIOGRAPHY, ETC. NOTE
Bibliography, etc. note Bibliography: pages 92-106.
520 #3 - SUMMARY, ETC.
Summary, etc. Purpose :This study was conducted to compare between active resistive <br/>exercises and lymphatic drainage on upper limb in patients with secondary <br/>lymphedema. Subject and methods: Thirty females diagnosed clinically by <br/>physician as having upper limb secondary lymphedema. They suffered from <br/>moderate lymphedema based on clinical investigations. Their age ranged from <br/>40 to 50 years. They were assigned randomly into two groups (A, B) equal in <br/>number. Group A received active resistive exercises plus intermittent <br/>pneumatic compression three times per week for 12 weeks. Group B received <br/>manual lymphatic drainage plus the intermittent pneumatic compression. The <br/>treatment was applied for 12 weeks, three sessions per week. Lymphedema <br/>and upper limb functions were assessed by tape measurement and the upper <br/>limb lymphedema -27 questionnaire after 12 weeks. Results: There was no <br/>statistically significant difference between both groups in upper limb size and <br/>function (P> 0.05). Conclusion: Both active resistive exercises and manual <br/>lymphatic drainage were effective in the management of upper limb secondary <br/>lymphedema. This makes them clinically effective in treating these patients.
520 #3 - SUMMARY, ETC.
Summary, etc. اجريت هذه الدراسة لمعرفه تأثير تاثير تمارين المقاومة النشطة مقابل التصريف الليمفاوي لدي المرضي المصابين بالورم الليمفاوي الثانوي , حيث شارك في هذه الدراسة ثلاثون مريضه من الاناث وتم تقسيمهم عشوائيا الي مجموعتين متساويتين في العدد . المجموعة الاولي تلقوا العلاج بتمارين المقاومة النشطةبالإضافة الي جهاز الضغط الهوائي لمده12 اسبوع اما المجموعة الثانية تلقوا العلاج بالتصريف الليمفاوي اليدوي بالإضافة الي جهاز الضغط الهوائي ايضا لمده 12 اسبوع وتم تقييم المجموعتين قبل العلاج وبعد 12 اسبوع باستخدام القياسات المحيطية و استبيان ULL-27لقياس الورم الليفي في الذراع. وقد اظهرت النتائج انه لا توجد فروق ذات دلالة إحصائية في المجموعتين على المحيط الدائري والجودةالوظيفية في الطرف العلوي.
530 ## - ADDITIONAL PHYSICAL FORM AVAILABLE NOTE
Issues CD Issues also as CD.
546 ## - LANGUAGE NOTE
Text Language Text in English and abstract in Arabic & English.
650 #0 - SUBJECT ADDED ENTRY--TOPICAL TERM
Topical term or geographic name entry element Physical Therapy
650 #0 - SUBJECT ADDED ENTRY--TOPICAL TERM
Topical term or geographic name entry element العلاج الطبيعي
653 #1 - INDEX TERM--UNCONTROLLED
Uncontrolled term Active resistive exercises
-- manual lymphatic drainage
-- secondary lymphedema
-- تمارين المقاومة النشطة
-- التصريف الليمفاوي
700 0# - ADDED ENTRY--PERSONAL NAME
Personal name Nagwa Mohamed Hamed Badr
Relator term thesis advisor.
700 0# - ADDED ENTRY--PERSONAL NAME
Personal name Rehab Ibrahim Yassen
Relator term thesis advisor.
700 0# - ADDED ENTRY--PERSONAL NAME
Personal name Asmaa Mohamed Mohamed Sharabash
Relator term thesis advisor.
900 ## - Thesis Information
Grant date 01-01-2025
Supervisory body Nagwa Mohamed Hamed Badr
-- Rehab Ibrahim Yassen
-- Asmaa Mohamed Mohamed Sharabash
Universities Cairo University
Faculties Faculty of Physical Therapy
Department Department of Physical Therapy for Cardiovascular, Respiratory Disorder and Geriatrics
905 ## - Cataloger and Reviser Names
Cataloger Name Shimaa
Reviser Names Eman Ghareb
942 ## - ADDED ENTRY ELEMENTS (KOHA)
Source of classification or shelving scheme Dewey Decimal Classification
Koha item type Thesis
Edition 21
Suppress in OPAC No
المقتنيات
Source of classification or shelving scheme Home library Current library Date acquired Inventory number Full call number Barcode Date last seen Effective from Koha item type
Dewey Decimal Classification المكتبة المركزبة الجديدة - جامعة القاهرة قاعة الرسائل الجامعية - الدور الاول 08.04.2026 93707 Cai01.21.10.M.Sc.2025.Ra.E 01010110093707000 08.04.2026 08.04.2026 Thesis
Cairo University Libraries Portal Implemented & Customized by: Eng. M. Mohamady Contacts: new-lib@cl.cu.edu.eg | cnul@cl.cu.edu.eg
CUCL logo CNUL logo
© All rights reserved — Cairo University Libraries
CUCL logo
Implemented & Customized by: Eng. M. Mohamady Contact: new-lib@cl.cu.edu.eg © All rights reserved — New Central Library
CNUL logo
Implemented & Customized by: Eng. M. Mohamady Contact: cnul@cl.cu.edu.eg © All rights reserved — Cairo National University Library